Feminist political theory : An introdution

Feminist Political Theory provides both a wide-ranging history of western feminist thought and a lucid analysis of contemporary debates. It offers an accessible and thought-provoking account of complex theories, which it relates to 'real-life' issues such as sexual violence, political repr...

Πλήρης περιγραφή

Αποθηκεύτηκε σε:
Λεπτομέρειες βιβλιογραφικής εγγραφής
Κύριος συγγραφέας: Bryson, Valerie
Μορφή: Βιβλίο
Γλώσσα:Undetermined
Έκδοση: New York Palgrave Macmillan 1992
Θέματα:
Ετικέτες: Προσθήκη ετικέτας
Δεν υπάρχουν, Καταχωρήστε ετικέτα πρώτοι!
Thư viện lưu trữ: Trung tâm Học liệu Trường Đại học Cần Thơ
LEADER 01237nam a2200229Ia 4500
001 CTU_116377
008 210402s9999 xx 000 0 und d
020 |c 401000 
082 |a 305.4201 
082 |b B915 
100 |a Bryson, Valerie 
245 0 |a Feminist political theory : 
245 3 |b An introdution 
245 0 |c Valerie Bryson; consultant editor, Jo Campling 
260 |a New York 
260 |b Palgrave Macmillan 
260 |c 1992 
520 |a Feminist Political Theory provides both a wide-ranging history of western feminist thought and a lucid analysis of contemporary debates. It offers an accessible and thought-provoking account of complex theories, which it relates to 'real-life' issues such as sexual violence, political representation and the family. This timely new edition has been thoroughly updated to incorporate the most recent developments in feminism and feminist scholarship throughout, in particular taking into account the impact of black and post-modern feminist thought on feminist political theory. 
650 |a Feminist theory,Political science,Feminism,feminism 
650 |z United States,Great Britain 
904 |i Hiếu 
980 |a Trung tâm Học liệu Trường Đại học Cần Thơ